000 00561nam a2200181Ia 4500
005 20260429112238.0
008 260429s9999||||xx |||||||||||||| ||und||
020 _a9788179989537
041 _aHindi
082 _a398.209
_bKIR
100 _aकिरण, कंचन
245 0 _aजातक कथाएं /
_cकंचन किरण
250 _a0
260 _aनई दिल्ली :
_bपुस्तक प्रतिष्ठान,
_c2024.
300 _a240 p.; Hb
650 _aबौद्ध साहित्य 
942 _cTB
999 _c53099
_d53099